| 000 | 00584nam a22001937a 4500 | ||
|---|---|---|---|
| 005 | 20241028115718.0 | ||
| 010 | _aENG-142457 | ||
| 020 |
_a9788194134930 _c550.00 |
||
| 035 | _aEN-125989 | ||
| 037 | _bDBAD | ||
| 082 |
_a005.75 _21 |
||
| 245 |
_aWriting Qualitative Research Paper/ _cEdited by Abhinav Chaudhary |
||
| 250 | _a1 | ||
| 260 |
_bSocial Research Foundation _c2019 _aUttar Pradesh |
||
| 270 |
_a128/170, H-Block, Kidwai Nagar _bKanpur |
||
| 300 |
_a147p. _c22cm(hb) |
||
| 700 |
_aEdited by Chaudhary, Abhinav _973545 |
||
| 942 |
_2ddc _cEN _h005.75 _mWRI |
||
| 999 |
_c206797 _d206797 |
||